| 000 | 00691nmm a2200217Ia 4500 | ||
|---|---|---|---|
| 008 | 251105s9999||||xx |||||||||||||||||und|| | ||
| 020 | _a9788437099125 | ||
| 041 | _aspa | ||
| 100 | _aBatteux, Charles | ||
| 245 | 0 | _aLas bellas artes reducidas a un principio único | |
| 264 |
_a[Madrid, España] : _bPublicaciones de la Universidad de Valencia (PUV), _c2016 |
||
| 300 | _a172 páginas | ||
| 490 | _aEstètica&Crítica | ||
| 650 | _aArts in general | ||
| 700 | _aBatteux, Charles | ||
| 700 | 1 | _a Monter Pérez, Josep | |
| 700 | 1 | _a Chilet Llácer, Benedicta | |
| 700 | 1 | _a Calle de la Calle, Romà de la | |
| 856 | _uhttps://public.digitaliapublishing.com/a/49564 | ||
| 942 | _cCF | ||
| 999 |
_c62603 _d62603 |
||